000
00513nam a2200181Ia 4500
008
090124s9999 xx 000 0 und d
082
_b
123447
100
_a
कर्णिक हेमन
245
_a
सागरी संघर्ष
250
_a
1
260
_c
1989
300
_a
164
600
_a
कर्णिक हेमन
630
_a
सागरी संघर्ष
700
_a
कर्णिक हेमन
730
_a
सागरी संघर्ष
942
_c
BOOK
999
_c
169533
_d
169533